[Event "BI-2011-P-00008"]
[Site "LSS email"]
[Date "2011.04.17"]
[Round "?"]
[White "Janousek, Stanislav"]
[Black "Tavani, Alberto"]
[Result "0-1"]
[WhiteElo "1370"]
[BlackElo "2294"]
[PlyCount "58"]
[EventDate "2011.04.20"]
[EventType "tourn (corr)"]
[EventRounds "10"]
[EventCountry "GER"]
[SourceTitle "Telechess CBM 149"]
[Source "ChessBase"]
[SourceDate "2012.07.17"]
[SourceVersion "1"]
[SourceVersionDate "2012.07.17"]
[SourceQuality "1"]

1. e4 c5 2. Nf3 Nc6 3. d4 cxd4 4. Nxd4 Nf6 5. Nxc6 bxc6 6. Bc4 Nxe4 7. Qf3 d5 8. Bd3 Nc5 9. b4 Nxd3+ 10. Qxd3 e6 11. a3 a5 12. b5 cxb5 13. Qxb5+ Bd7 14. Qd3 Qc7 15. 0-0 Bd6 16. g3 Be5 17. c3 Rb8 18. a4 0-0 19. Bd2 Rfc8 20. Re1 Bf6 21. Rc1 Qc4 22. Qxc4 Rxc4 23. Rc2 Rxa4 24. Rxa4 Rxb1+ 25. Kg2 Bxa4 26. Ra2 Bc6 27. Rxa5 d4+ 28. Kh3 Rb2 29. Be1 d3 0-1